01285nam a22003134a 4500001001200000003000800012006001900020007001500039008004100054010001700095020002800112040002100140035002000161050002300181082001700204100003100221245009800252260003500350300001500385490006800400504006400468533015200532650002600684650002000710655002900730710001700759830006900776856012600845ebr10051382CaPaEBRm u cr cn|||||||||000524s2000 nyu sb 001 0 eng  z 00040478  z082470388X (alk. paper) aCaPaEBRcCaPaEBR a(OCoLC)4956903514aQA431b.J34 2000eb04a515/.6252211 aJagerman, David L.,d1923-10aDifference equations with applications to queuesh[electronic resource] /cDavid L. Jagerman. aNew York :bM. Dekker,cc2000. axi, 246 p.1 aMonographs and textbooks in pure and applied mathematics ;v233 aIncludes bibliographical references (p. 237-239) and index. aElectronic reproduction.bPalo Alto, Calif. :cebrary,d2013.nAvailable via World Wide Web.nAccess may be limited to ebrary affiliated libraries. 0aDifference equations. 0aQueuing theory. 7aElectronic books.2local2 aebrary, Inc. 0aMonographs and textbooks in pure and applied mathematics ;v233.40uhttp://site.ebrary.com/lib/rucke/Doc?id=10051382zAn electronic book accessible through the World Wide Web; click to view